إسرائيل عبر التاريخ / (رقم التسجيلة. 39527)

تفاصيل مارك
000 -الفاتح
حقل البيانات ثابتة الطول 00676nam a22002057a 4500
003 - محدد رقم الضبط
رقم الضبط OSt
005 - وقت وتاريخ اخر تعامل مع التسجيلة
رقم الضبط 20160514111024.0
008 - عناصر البيانات ثابتة الطول - معلومات عامة
حقل البيانات ثابتة الطول 160511s2016 ua g b 000 0 ara d
020 ## - الرقم الدولى المعيارى للكتب
الرقم الدولى المعيارى للكتاب 9789774952227
040 ## - مصدر الفهرسة
وكالة الفهرسة الأصلية Ma-Un
لغة الفهرسة ara
وكالة النسخ Dar Arab
082 04 - رقم تصنيف ديوى العشرى
رقم الطبعة 21
رقم التصنيف 956.9
رقم المادة ع ف إ
100 1# - المدخل الرئيسى - إسم شخصى
الإسم الشخصى علي، فؤاد حسنين
9 (RLIN) 55523
245 1# - بيان العنوان
العنوان إسرائيل عبر التاريخ /
بيان المسئوليه,etc فؤاد حسانين علي.
250 ## - بيان الطبعة
بيان الطبعة ط. 1.
260 ## - PUBLICATION, DISTRIBUTION, ETC. (IMPRINT)
مكان الناشر او الموزع القاهرة :
اسم الناشر او الموزع دار العالم العربي،
تاريخ النشر أو التوزيع 2016.
300 ## - الوصف المادى
التعداد 228 ص. ؛
أبعاد الوعاء 24 سم.
504 ## - تبصرة ببليوجرافية
تبصرة ببليوجرافية,الخ يشتمل علي إرجاعات ببليوجرافية.
651 #4 - المدخل الاضافى بالموضوع - اسم جغرافى
الاسم الجغرافي إسرائيل
التقسيم الفرعي العام تاريخ
9 (RLIN) 55793
942 ## - عناصر المدخل الإضافي( كوها)
Koha [default] item type كتاب
المقتنيات
حالة الفقد نموذج السعر الفعال حالة تلف ليس للاعارة رقم الطلب رقم النسخة تاريخ الاكتساب الموقع الحالي الباركود الفرع الرئيسي Date last seen نوع المادة فى نظام كوها مصدر التصنيف او خطة الترفيف Total Checkouts
  2016-05-14   Not For Loan 956.9 ع ف إ 1 2016-05-14 المكتبة المركزية بالمجمعة (CL) 00226916 المكتبة المركزية بالمجمعة (CL) 2016-05-14 كتاب Dewey Decimal Classification  
  2016-05-14     956.9 ع ف إ 2 2016-05-14 المكتبة المركزية بالمجمعة (CL) 00226917 المكتبة المركزية بالمجمعة (CL) 2016-05-14 كتاب Dewey Decimal Classification  
  2016-05-14     956.9 ع ف إ 3 2016-05-14 المكتبة المركزية بالمجمعة (CL) 00226918 المكتبة المركزية بالمجمعة (CL) 2016-05-14 كتاب Dewey Decimal Classification  
  2016-05-14   Not For Loan 956.9 ع ف إ 1 2016-05-14 مكتبة مجمع الكليات بالزلفى - طلاب (SZM) 00226919 مكتبة مجمع الكليات بالزلفى - طلاب (SZM) 2016-05-14 كتاب Dewey Decimal Classification  
  2016-05-14     956.9 ع ف إ 2 2016-05-14 مكتبة مجمع الكليات بالزلفى - طلاب (SZM) 00226920 مكتبة مجمع الكليات بالزلفى - طلاب (SZM) 2016-05-14 كتاب Dewey Decimal Classification